Los hallazgos cerámicos del área del templo romano de Córdoba / (Record no. 69351)

MARC details
000 -LEADER
campo de control de longitud fija 00714nam a2200205 i 4500
001 - NÚMERO DE CONTROL
campo de control 69351
003 - IDENTIFICADOR DE NÚMERO DE CONTROL
campo de control ES-MaACL
005 - FECHA Y HORA DE LA ÚLTIMA TRANSACCIÓN
campo de control 20230906170511.0
007 - CAMPO FIJO DE DESCRIPCIÓN FÍSICA--INFORMACIÓN GENERAL
campo de control de longitud fija t|
008 - DATOS DE LONGITUD FIJA--INFORMACIÓN GENERAL
campo de control de longitud fija 040705s1970 sp ||||1| spa d
100 1# - ENTRADA PRINCIPAL--NOMBRE DE PERSONA
Nombre de persona García y Bellido, Antonio.
9 (RLIN) 55426
245 14 - MENCIÓN DEL TÍTULO
Título Los hallazgos cerámicos del área del templo romano de Córdoba /
Mención de responsabilidad, etc. Antonio García-Bellido.
260 ## - PUBLICACIÓN, DISTRIBUCIÓN, ETC.
Lugar de publicación, distribución, etc. Madrid :
Nombre del editor, distribuidor, etc. [Instituto Español de Arqueología],
Fecha de publicación, distribución, etc. 1970.
300 ## - DESCRIPCIÓN FÍSICA
Extensión 80 p., 4 lám. :
Otras características físicas il. ;
Dimensiones 28 cm.
490 1# - MENCIÓN DE SERIE
Mención de serie Archivo español de arqueología
710 2# - ENTRADA AGREGADA--NOMBRE DE ENTIDAD CORPORATIVA
Nombre de entidad corporativa o nombre de jurisdicción como elemento de entrada Instituto Español de Arqueología.
9 (RLIN) 5036
830 0# - PUNTO DE ACCESO ADICIONAL DE SERIE-TÍTULO UNIFORME
Título uniforme Archivo español de arqueología
9 (RLIN) 183271
852 ## - LOCALIZACIÓN
Ubicación ES-MaACL
Número de control de estantería C-37259
Sublocalización o colección R.73932
Holdings
Estatus retirado Estado de pérdida Estado de daño No para préstamo Biblioteca de origen Biblioteca actual Ubicación en estantería Fecha de adquisición Fuente de adquisición Total de préstamos Signatura topográfica completa Código de barras Visto por última vez Precio de reemplazo Tipo de ítem Koha
        Biblioteca del Ateneo de Madrid Biblioteca del Ateneo de Madrid Depósito 2 17/01/2008     C-37259 1072620 23/02/2023 23/02/2023 Libro impreso